[Event "Panormo zt"]
[Site "Panormo"]
[Date "1998.11.01"]
[Round "9"]
[White "Karatekin, Tamer"]
[Black "Psomiadis, Stavros"]
[Result "1-0"]
[WhiteElo "2325"]
[BlackElo "2155"]

1.e4 d5 2.exd5 Qxd5 3.Nc3 Qd8 4.d4 Nf6 5.Nf3 Bg4 6.h3 Bxf3 7.Qxf3 c6 8.Be3 e6
9.Bc4 Be7 10.g4 Nd5 11.Ne4 Nd7 12.Bb3 Nxe3 13.fxe3 Bh4+ 14.Kd2 Qe7 15.Rhf1 f6
16.Rad1 O-O-O 17.Kc1 Kb8 18.c3 Ka8 19.Kb1 Rhf8 20.Nd2 Nb6 21.Qe4 Nd5 22.Bxd5 cxd5
23.Qxh7 Bg5 24.Qd3 Rh8 25.Rh1 e5 26.Rde1 e4 27.Qe2 Qc7 28.Nf1 Rd6 29.Rc1 Rc6
30.Qf2 Bh4 31.Qf5 Qa5 32.Rh2 Ra6 33.b3 Rc6 34.c4 Rhc8 35.Rhc2 Qc7 36.Qxd5 Qe7
37.Qf5 Re8 38.c5 Qf7 39.d5 Re5 40.dxc6 Rxf5 41.cxb7+ Kxb7 42.c6+ Kc7 43.gxf5 Qd5
44.Rd2 Qb5 45.Rd7+ Kc8 46.Rd4 Kc7 47.Rd7+ Kc8 48.Rxg7 Qd3+ 49.Kb2 Bg3 50.Rxg3 Qd5
51.c7 Qe5+ 52.Rc3 Qd5 53.Rg2  1-0

[Event "Tanta op"]
[Site "Tanta"]
[Date "1998.11.19"]
[Round "4"]
[White "Hamed, Ahmed"]
[Black "Jirovsky, Milos"]
[Result "1/2-1/2"]
[WhiteElo "2320"]
[BlackElo "2435"]

1.e4 d5 2.exd5 Qxd5 3.Nc3 Qd6 4.d4 Nf6 5.Nf3 a6 6.Be2 Bf5 7.O-O Nc6 8.Be3 O-O-O
9.a3 h6 10.b4 e5 11.dxe5 Nxe5 12.Qxd6 Bxd6 13.Nd4 Bg6 14.h3 Rhe8 15.b5 a5
16.Rfd1 Ned7 17.Bd3 Nb6 18.Nf3 Bxd3 19.Bxb6 Bxc2 20.Rdc1 cxb6 21.Rxc2 Kb8
22.a4 Rc8 23.Raa2 Rc5 24.Nd1 Re4 25.Rxc5 bxc5 26.Kf1 Kc7 27.Ne3 Bf4 28.Nd2 Rd4
29.Nb3 Bxe3 30.fxe3 Rb4 31.Nxc5 Ne4 32.Nxe4 Rxe4 33.Ke2 h5 34.Kd3 f5 35.Rf2 Rxa4
36.Rxf5 Ra3+ 37.Kc4 Rxe3 38.Rg5 a4 39.Rg6 a3 40.b6+ Kc8 41.Rxg7 a2 42.Rg8+ Kd7
43.Ra8 Re2 44.g4 h4 45.Kb3 Rh2 46.Rxa2 Rxh3+ 47.Kb4 Rg3 48.Rc2 Rxg4+ 49.Kb3 h3
50.Rc7+ Kd6 51.Rh7 Rg3+ 52.Kc4 Rf3 53.Rh6+ Ke5 54.Rh7 Ke6 55.Kc5 Rc3+ 56.Kd4 Rg3
57.Kc5 Kf6 58.Rxb7 Rg5+ 59.Kd6 Rf5 60.Ra7 h2 61.Ra1 h1=Q 62.Rxh1  1/2-1/2

[Event "Wch U20 Girls"]
[Site "Calicut"]
[Date "1998.11.25"]
[Round "8"]
[White "Werner, Isabel"]
[Black "Houska, Jovanka"]
[Result "1-0"]
[WhiteElo "2195"]
[BlackElo "2190"]

1.e4 d5 2.exd5 Qxd5 3.Nc3 Qd6 4.d4 Nf6 5.Bc4 a6 6.Nge2 b5 7.Bf4 Qd7 8.Bb3 Bb7
9.O-O e6 10.Re1 c5 11.dxc5 Qc6 12.f3 Bxc5+ 13.Nd4 Qb6 14.Ne2 Nc6 15.c3 O-O
16.Kh1 e5 17.Nxc6 Qxc6 18.Bxe5 Ng4 19.Bd4 Rad8 20.Qc1 Nf2+ 21.Kg1 Nh3+ 22.Kf1 Bd6
23.Ng3 b4 24.Qd1 bxc3 25.bxc3 Qb5+ 26.Qe2 Qxe2+ 27.Nxe2 Ng5 28.Ng3 g6 29.Bf6 Ne6
30.Bxd8 Nxd8 31.Rad1 Bc5 32.Ne4 Ba3 33.Nf6+ Kh8 34.Rd7 Bc6 35.Rd2 a5 36.Nd7 Rg8
37.Ne5 Bb5+ 38.Kf2 Kg7 39.Rd5 Be8 40.Rxa5 Bb2 41.Re3  1-0

[Event "Wch U20 Girls"]
[Site "Calicut"]
[Date "1998.11.26"]
[Round "9"]
[White "Jackova, Jana"]
[Black "Houska, Jovanka"]
[Result "0-1"]
[WhiteElo "2205"]
[BlackElo "2190"]

1.e4 d5 2.exd5 Qxd5 3.Nc3 Qd6 4.d4 Nf6 5.Be2 a6 6.Nf3 Bf5 7.Ne5 Nc6 8.Nxc6 Qxc6
9.Bf3 Qb6 10.Na4 Qa5+ 11.c3 c6 12.Nc5 Qc7 13.Bg5 e6 14.Bxf6 gxf6 15.b4 Bd6
16.h4 h6 17.Bg4 Bg6 18.Bh5 Rg8 19.Bf3 e5 20.O-O O-O-O 21.Nb3 Bf5 22.Qe2 Rde8
23.Be4 Bg4 24.Qd3 Qd7 25.d5 cxd5 26.Bxd5 e4 27.Bxe4 Rxe4 28.Qxe4 Bh3 29.Rfd1 Rxg2+
30.Qxg2 Bxg2 31.Kxg2 Qg4+ 32.Kf1 Be5 33.Rd3 Qxh4 34.Rad1 Qg4 35.Na5 b6 36.Nc6 Kc7
37.Ne7 h5 38.Rd8 Qh3+ 39.Ke2 Qg4+ 40.Kf1 h4 41.Rc8+ Kb7 42.Rcd8 Qc4+ 43.Kg2 Qg4+
44.Kf1 h3 45.R1d7+ Bc7  0-1

[Event "Budapest FS12 IM-A"]
[Site "Budapest"]
[Date "1998.12.12"]
[Round "8"]
[White "Resika, Nathan A"]
[Black "Jamrich, Gyorgy"]
[Result "1-0"]
[WhiteElo "2210"]
[BlackElo "2310"]

1.e4 d5 2.exd5 Qxd5 3.Nc3 Qd6 4.d4 Nf6 5.Nf3 a6 6.Bc4 e6 7.O-O c5 8.Re1 b5
9.Bd3 Be7 10.dxc5 Qxc5 11.a4 b4 12.Ne4 Qc7 13.Bg5 Nbd7 14.Qd2 O-O 15.Nxf6+ Nxf6
16.Ne5 Nd5 17.Bxe7 Qxe7 18.a5 Bb7 19.Re4 Rfd8 20.Rae1 Rac8 21.Rg4 Qf6 22.Rg3 Qf4
23.Qe2 f6 24.Qh5 Rc7 25.Bxh7+  1-0

[Event "Skopje op"]
[Site "Skopje"]
[Date "1998.12.16"]
[Round "5"]
[White "Mitkov, Nikola"]
[Black "Nikolov, Sasho"]
[Result "1-0"]
[WhiteElo "2515"]
[BlackElo "2400"]

1.e4 d5 2.exd5 Qxd5 3.Nc3 Qd6 4.d4 Nf6 5.Bc4 a6 6.Bb3 Nc6 7.Nge2 e5 8.d5 Na5
9.Be3 Nxb3 10.axb3 Bf5 11.Ng3 Bg6 12.f3 O-O-O 13.Nge4 Qd7 14.Nxf6 gxf6 15.Qe2 Bb4
16.Rxa6 Qxd5 17.Ra4 Bxc3+ 18.bxc3 Qc6 19.O-O Qxc3 20.Rc4 Qa5 21.f4 Bf5 22.fxe5 Be6
23.Ra4 Qxe5 24.Qf2 b6 25.Bd4 Qd5 26.Bxf6 Rhg8 27.Rd4 Qh5 28.Rxd8+ Rxd8 29.Bxd8 Kxd8
30.h3 Kc8 31.Kh2 Qg6 32.c4 Qe4 33.Qf3 Qe5+ 34.Qf4 Qb2 35.Rf3 Qc2 36.Qe3 Kd7
37.Qd3+ Qxd3 38.Rxd3+ Kc6 39.Kg3 Kc5 40.Kf4 Kb4 41.Ke5 c5 42.Re3 h5 43.Kd6 Bf5
44.Kc6 Ka5 45.Re5 Bg6 46.Kc7 h4 47.Re2 Bd3 48.Rf2 f5 49.Rf4 Be4 50.Rxh4 Bxg2
51.Rh6 b5 52.cxb5 Kxb5 53.Rb6+ Ka5 54.h4 Bf3 55.Rb8  1-0

[Event "Islington Congress"]
[Site "Islington"]
[Date "1998.12.19"]
[Round "?"]
[White "Plaskett, Jim"]
[Black "Houska, Jovanka"]
[Result "1-0"]
[WhiteElo "2455"]
[BlackElo "2190"]

1.e4 d5 2.exd5 Qxd5 3.Nc3 Qd6 4.d4 Nf6 5.Nf3 a6 6.Ne5 Nc6 7.Nxc6 Qxc6 8.Be2 Qxg2
9.Bf3 Qh3 10.Bf4 Qe6+ 11.Be5 g6 12.Qe2 Bg7 13.O-O-O O-O 14.Rhe1 Qb6 15.d5 Bf5
16.Bd4 Qa5 17.Qxe7 Rfe8 18.Qc5 Qxc5 19.Bxc5 Nd7 20.Be3 Ne5 21.Be4 Bxe4 22.Nxe4 Ng4
23.Bf4 Rxe4 24.Rxe4 Nxf2 25.Re7 Nxd1 26.Kxd1 Rd8 27.c4 c6 28.Rxb7 cxd5 29.c5 g5
30.c6  1-0

[Event "Cairnhill op"]
[Site "Singapore"]
[Date "1998.12.20"]
[Round "3"]
[White "Rogers, Ian"]
[Black "Leong Ignatius"]
[Result "1-0"]
[WhiteElo "2605"]
[BlackElo "2275"]

1.e4 d5 2.exd5 Qxd5 3.Nc3 Qd6 4.d4 c6 5.Nf3 Bg4 6.Be2 Bxf3 7.Bxf3 e6 8.O-O Nf6
9.Re1 Be7 10.Nb5 Qd8 11.Na3 O-O 12.Nc4 Nbd7 13.c3 Nb6 14.Ne5 Nfd7 15.Nd3 Qc7
16.a4 Rad8 17.Qb3 c5 18.a5 Nd5 19.Bxd5 exd5 20.Rxe7 c4 21.Bf4 Qc8 22.Qd1 cxd3
23.Qxd3 Rfe8 24.Rae1 Rxe7 25.Rxe7 Re8 26.Qe2 Nf6 27.Rxe8+ Nxe8 28.Qe7 Qe6
29.Qxe6 fxe6 30.Be5 a6 31.Kf1 Kf7 32.Ke2 Ke7 33.Kd3 Kd7 34.b3 Kc6 35.c4 b5
36.axb6 Kxb6 37.Kc3 Ka5 38.g4 Kb6 39.Kb4  1-0

[Event "Festival comtois 3rd"]
[Site "Belfort"]
[Date "1998.12.21"]
[Round "8"]
[White "Bologan, Viktor"]
[Black "Hauchard, Arnaud"]
[Result "1/2-1/2"]
[WhiteElo "2585"]
[BlackElo "2500"]

1.e4 d5 2.exd5 Qxd5 3.Nc3 Qd6 4.g3 Nc6 5.Bg2 Nf6 6.Nge2 Bf5 7.b4 Nxb4 8.d3 c6
9.O-O Qd7 10.Rb1 e6 11.Bg5 Nbd5 12.Ne4 h6 13.Bxf6 Nxf6 14.Nxf6+ gxf6 15.Rb3 Rc8
16.Nf4 Be7 17.Qh5 Bd6 18.Qh4 Qe7 19.Nh5 Kf8 20.Be4 Bxe4 21.dxe4 b6 22.Qg4 Rg8
23.Qf3 Rg6 24.Rd3 Rd8 25.Rfd1 Bc7 26.Nf4 Rg5 27.Nh5 Rxd3 28.Rxd3 f5 29.e5 Bxe5
30.Qd1 Ke8 31.f4 Rxh5 32.Qxh5 Qc5+ 33.Kf1 Qxc2 34.Qf3 Bf6 35.Rd6 Qxh2 36.Rxc6 Kf8
37.Rc7 Qxa2 38.Qh5 Qa1+ 39.Kg2 Be7 40.Qxh6+ Ke8 41.Qh7 Qd1 42.Qh8+ Bf8 43.Qe5 Bc5
44.Qh8+ Bf8 45.Rc8+ Kd7 46.Qxf8  1/2-1/2

[Event "Groningen op"]
[Site "Groningen"]
[Date "1998.12.24"]
[Round "5"]
[White "Kamstra, Cor"]
[Black "Ye Rongguang"]
[Result "0-1"]
[WhiteElo "2315"]
[BlackElo "2535"]

1.e4 d5 2.exd5 Qxd5 3.Nc3 Qd6 4.Nf3 Nf6 5.d4 a6 6.h3 e6 7.Bd3 Nbd7 8.O-O c5
9.Be3 Be7 10.Qe2 O-O 11.Rad1 Qc7 12.Ne4 Nxe4 13.Bxe4 Nf6 14.Bd3 b5 15.c4 bxc4
16.Bxc4 Bb7 17.Rc1 Nd5 18.Bxd5 Bxd5 19.b3 Rfd8 20.dxc5 a5 21.Bd4 Qb7 22.Qe5 f6
23.Qe2 a4 24.Rc3 axb3 25.axb3 Ra3 26.Rfc1 Rxb3 27.c6 Rxc3 28.cxb7 Rxc1+ 29.Kh2 Rb8
30.Qb5 Bd6+ 31.Be5 Bxe5+ 32.Nxe5 fxe5 33.Qd7 h6 34.h4 Kh7 35.Qd6 Rxb7 36.Qxe5 Rf7
37.Kg3 Rc4 38.f3 Rff4 39.h5 Rf5  0-1

[Event "Groningen op"]
[Site "Groningen"]
[Date "1998.12.27"]
[Round "7"]
[White "Sturua, Zurab"]
[Black "Ye Rongguang"]
[Result "1-0"]
[WhiteElo "2600"]
[BlackElo "2535"]

1.e4 d5 2.exd5 Qxd5 3.Nc3 Qd6 4.d4 Nf6 5.Nf3 a6 6.g3 Bg4 7.Bg2 Nc6 8.Bf4 Qe6+
9.Be3 Nb4 10.Qe2 c6 11.a3 Nbd5 12.Nxd5 Nxd5 13.Bd2 Qxe2+ 14.Kxe2 g6 15.h3 Bf5
16.c4 Nb6 17.Rac1 Be4 18.Be3 Bg7 19.Rhd1 O-O 20.Bf1 h6 21.Ne5 f6 22.Nd3 Bf5
23.Nc5 Bc8 24.Rd3 Nd7 25.Na4 f5 26.c5 g5 27.f4 g4 28.hxg4 fxg4 29.d5 Nf6
30.Nb6 Bf5 31.Nxa8 Bxd3+ 32.Kxd3 Rxa8 33.dxc6 bxc6 34.Bg2 Rd8+ 35.Kc2 Nd5
36.Bf2 h5 37.Rh1 Nf6 38.Bxc6 Rc8 39.Bb7 Rc7 40.c6 Ne4 41.Bb6 Nxg3 42.Bxc7 Nxh1
43.Bd8 g3 44.c7  1-0

[Event "Regionalliga NW9798"]
[Site "Bayern"]
[Date "1998.??.??"]
[Round "?"]
[White "Zoeller, Bernd"]
[Black "Zimlich, Juergen"]
[Result "1-0"]
[WhiteElo "1940"]
[BlackElo "1850"]

1.e4 d5 2.exd5 Qxd5 3.Nc3 Qd6 4.Bc4 Nf6 5.Nge2 e5 6.d3 Be7 7.h3 c6 8.Be3 b5
9.Bb3 a5 10.a4 b4 11.Ne4 Nxe4 12.dxe4 O-O 13.Qxd6 Bxd6 14.O-O-O Be7 15.Ng3 Na6
16.Bc4 Bc5 17.Bxa6 Bxe3+ 18.fxe3 Rxa6 19.Rd6 g6 20.Rhd1 Be6 21.Nh1 Rc8 22.Nf2 b3
23.c3 Bc4 24.Rd8+ Rxd8 25.Rxd8+ Kg7 26.Kd2 h5 27.Nd3 f6 28.h4 Ra7 29.Nc5 Kh6
30.Rh8+ Kg7 31.Rb8 Kh6 32.Rh8+ Kg7 33.Rc8 f5 34.exf5 Rf7 35.Ne6+ Bxe6 36.fxe6 Re7
37.Rxc6 e4 38.c4 Kf6 39.Kc3 Kf5 40.Kd4 Kg4 41.Ke5 Kxh4 42.Kf6 Re8 43.Kxg6 Kg3
44.Kf7 Rh8 45.e7 Kxg2 46.e8=Q Rxe8 47.Kxe8 Kf3 48.Rh6 Kxe3 49.c5 Kd2 50.Rxh5 e3
51.c6 Kc2 52.Rh2+  1-0

[Event "Bled op"]
[Site "Bled"]
[Date "1998.??.??"]
[Round "1"]
[White "Rezonja, Stefan"]
[Black "Nikolov, Sasho"]
[Result "0-1"]
[WhiteElo "2195"]
[BlackElo "2415"]

1.e4 d5 2.exd5 Qxd5 3.Nc3 Qd6 4.d4 Nf6 5.h3 a6 6.Nf3 b5 7.Bd3 Bb7 8.Qe2 Nbd7
9.Ne4 Nxe4 10.Bxe4 Bxe4 11.Qxe4 c6 12.O-O e6 13.c3 Qd5 14.Re1 Be7 15.Ne5 Nxe5
16.Qxe5 O-O 17.Qg3 Rfd8 18.Bf4 Qf5 19.Re2 Rd5 20.Rae1 Rad8 21.Qe3 c5 22.dxc5 Bxc5
23.Qe4 h5 24.Qxf5 Rxf5 25.Be3 Bxe3 26.Rxe3 h4 27.f3 Kh7 28.Kf2 g5 29.R1e2 Kg6
30.Re4 Rc5 31.a4 Kf5 32.g3 hxg3+ 33.Kxg3 Rh8 34.axb5 axb5 35.f4 Kf6 36.Rf2 Ke7
37.f5 e5 38.f6+ Ke6 39.Rg4 Rd5 40.Rf3 Rd1 41.Rb4 Rd5 42.c4 bxc4 43.Rxc4 Rd4
44.Rc6+ Kd5 45.Rc7 Rh7 46.Rd7+ Ke4 47.Re7 Rxh3+ 48.Kxh3 Kxf3 49.Kh2 g4 50.Rxe5 Rd2+  0-1

[Event "Bled op"]
[Site "Bled"]
[Date "1998.??.??"]
[Round "7"]
[White "Grosar, Aljosa"]
[Black "Nikolov, Sasho"]
[Result "1/2-1/2"]
[WhiteElo "2470"]
[BlackElo "2415"]

1.e4 d5 2.exd5 Qxd5 3.Nc3 Qd6 4.d4 Nf6 5.Nf3 a6 6.Be3 Nc6 7.Qd2 Bg4 8.Bf4 Qe6+
9.Qe3 Bxf3 10.Qxe6 fxe6 11.gxf3 Nxd4 12.O-O-O O-O-O 13.Bh3 g6 14.Rhe1 Nh5
15.Be5 Bg7 16.Rxd4 Rxd4 17.Bxd4 Bxd4 18.Bxe6+ Kb8 19.Bg4 Bxc3 20.bxc3 Nf4
21.Rxe7 Nd5 22.Rg7 Nxc3 23.Be6 Ne2+ 24.Kd2 Nd4 25.Rg8+ Rxg8 26.Bxg8 Nxf3+
27.Ke3 Nxh2 28.Bxh7 g5 29.Bf5 b5 30.f3 Kb7 31.Kf2 Kb6 32.Kg2 Nxf3 33.Kxf3 Kc5
34.Ke3 Kb4 35.Kd2 Ka3 36.Be6 Kb2 37.Bc8 a5 38.Bd7 b4 39.Be6 a4 40.Bd7 a3
41.Be6 c5 42.Kd3 g4 43.Bxg4 Kxa2 44.Be6+ Kb2 45.Bb3 a2 46.Bxa2 Kxa2 47.Kc4 Kb2
48.Kxc5 Kxc2 49.Kxb4  1/2-1/2

[Event "Bled op-B"]
[Site "Bled"]
[Date "1998.??.??"]
[Round "8"]
[White "Kozamernik, Janez"]
[Black "Saxer, Bernhard"]
[Result "1-0"]
[WhiteElo "2070"]
[BlackElo "1820"]

1.e4 d5 2.exd5 Qxd5 3.Nc3 Qd6 4.d4 Nf6 5.Nf3 e6 6.Bd3 Be7 7.O-O h6 8.Nb5 Qd8
9.Bf4 Nd5 10.Be5 O-O 11.c4 a6 12.Nc3 Nb4 13.Bb1 N4c6 14.Bf4 Bd6 15.Be3 Qe8
16.Re1 Nd8 17.Ne5 Bxe5 18.dxe5 f5 19.exf6 Rxf6 20.Qd3 Nbc6 21.Qh7+ Kf8 22.Nd5  1-0

[Event "ARG-ch sf"]
[Site "Buenos Aires"]
[Date "1998.??.??"]
[Round "1"]
[White "Fiorito, Fabian"]
[Black "Bibiloni, Jorge Jaime"]
[Result "1-0"]
[WhiteElo "2455"]
[BlackElo "2170"]

1.e4 d5 2.exd5 Qxd5 3.Nc3 Qd8 4.d4 g6 5.Nf3 Bg7 6.Bc4 Nf6 7.O-O O-O 8.h3 a6
9.a4 Nc6 10.Re1 Qd6 11.Be3 Bf5 12.Bb3 Rad8 13.Qe2 Ne4 14.Nxe4 Bxe4 15.c3 Bd5
16.Bxd5 Qxd5 17.c4 Qe4 18.d5 Ne5 19.Nxe5 Qxe5 20.Bc5 Qxe2 21.Rxe2 Rfe8 22.Bxe7 Rd7
23.Rae1 b5 24.Bb4 Rxe2 25.Rxe2 Bd4 26.Re8+ Kg7 27.b3 bxc4 28.bxc4 c5 29.dxc6 Rc7
30.Rd8 Bb2 31.Bf8+ Kf6 32.Rd6+ Kf5 33.Rd7 Rxc6 34.Rxf7+ Ke4 35.c5 Bd4 36.Rxh7 Bxc5
37.Rh4+ Kd3 38.Bxc5 Rxc5 39.Rg4 g5 40.Kh2 a5 41.f4 gxf4 42.Rxf4 Kc3 43.h4 Kb3
44.Kh3 Ka3 45.g3 Rc1 46.h5 Rb1 47.Kg4 Rb4 48.h6  1-0

[Event "Golden Cleopatra"]
[Site "Cairo"]
[Date "1998.??.??"]
[Round "7"]
[White "Labib, Ibrahim Hasan"]
[Black "Surjadnji, Aleksej"]
[Result "0-1"]
[WhiteElo "2305"]
[BlackElo "2420"]

1.e4 d5 2.exd5 Qxd5 3.Nc3 Qd6 4.d4 Nf6 5.Nf3 c6 6.Be2 Bg4 7.Bg5 Nbd7 8.O-O e6
9.Bh4 Be7 10.Bg3 Qb4 11.Qd2 Qa5 12.Ne5 Bxe2 13.Qxe2 O-O 14.Nc4 Qa6 15.a4 Nb6
16.Ne5 Qxe2 17.Nxe2 a5 18.Bh4 Rfd8 19.Rfd1 Kf8 20.c4 Nfd7 21.Bxe7+ Kxe7 22.Nxd7 Rxd7
23.b3 c5 24.Rd2 cxd4 25.Nxd4 Rad8 26.Rad1 e5 27.Nf5+ Kf6 28.Nd6 Ke6 29.Ne4 Rxd2
30.Nxd2 Rd4 31.Kf1 Nd7 32.Ke2 Nc5 33.Rb1 e4 34.Rb2 f5 35.f3 Ke5 36.fxe4 fxe4
37.b4 Nd3 38.Rb1 Nf4+ 39.Ke1 Nxg2+ 40.Ke2 Nf4+ 41.Ke1 Nd3+ 42.Ke2 Nxb4 43.Nb3 Na2
44.Nxd4 Nc3+ 45.Ke3 Nxb1 46.Nb5 g5 47.c5 Kd5 48.Nd6 Nc3 49.Nxb7 Nxa4 50.c6 Kxc6
51.Nxa5+ Kd5 52.Nc4 Kxc4 53.Kxe4 h6 54.Kf5 Kd5 55.Kg6 Ke5  0-1

[Event "Sparkasse op"]
[Site "Dortmund"]
[Date "1998.??.??"]
[Round "?"]
[White "Schmittdiel, Eckhard"]
[Black "Kekelidze, Mikheil"]
[Result "1/2-1/2"]
[WhiteElo "2460"]
[BlackElo "2405"]

1.e4 d5 2.exd5 Qxd5 3.Nc3 Qd6 4.d4 Nf6 5.Nf3 a6 6.g3 Nc6 7.Bf4 Qe6+ 8.Be2 Nd5
9.Nxd5 Qxd5 10.Bxc7 Bh3 11.c3 Rc8 12.Bb6 e6 13.Rg1 Bg4 14.Ne5 Nxe5 15.dxe5 Qxe5
16.Qa4+ Rc6 17.Qxg4 Rxb6 18.Qa4+ Rc6 19.Kf1  1/2-1/2

[Event "FIN-ch"]
[Site "FIN"]
[Date "1998.??.??"]
[Round "7"]
[White "Kokkila, Tero"]
[Black "Westerinen, Heikki MJ"]
[Result "1/2-1/2"]
[WhiteElo "2270"]
[BlackElo "2410"]

1.e4 d5 2.exd5 Qxd5 3.Nc3 Qd8 4.d4 Nf6 5.Bg5 e6 6.Nf3 Be7 7.Qd2 b6 8.O-O-O Bb7
9.Bb5+ c6 10.Bd3 Nbd7 11.Rhe1 O-O 12.Ne4 c5 13.dxc5 Bxe4 14.Bxe4 Nxe4 15.Rxe4 Nxc5
16.Qxd8 Rfxd8 17.Rxd8+ Bxd8 18.Rc4 Bxg5+ 19.Nxg5 f6 20.b4 fxg5 21.bxc5 b5
22.Rb4 a6 23.a4 bxa4 24.Rxa4 Kf7 25.Kd2 Ke7 26.Kd3 Kd7 27.Rg4 h6 28.f4 gxf4
29.Rxg7+ Kc6 30.Kc4 f3 31.Re7 fxg2 32.Rxe6+ Kd7 33.Rg6 Rf8 34.Rxg2 Rf4+ 35.Kd5 Rf5+
36.Kd4 Rf4+ 37.Ke5 Rh4 38.Kd5 Rh5+ 39.Kc4 Rh4+ 40.Kd5 Rh5+ 41.Kd4 Rh4+ 42.Kd5  1/2-1/2

[Event "Oberliga Ost B9899"]
[Site "GER"]
[Date "1998.??.??"]
[Round "?"]
[White "Jahn, Constanze"]
[Black "Brecht, Anselm"]
[Result "0-1"]
[WhiteElo "2140"]
[BlackElo "2280"]

1.e4 d5 2.exd5 Qxd5 3.Nc3 Qd6 4.d4 Nf6 5.Bc4 Bg4 6.f3 Bf5 7.Nge2 Nc6 8.d5 Nb4
9.Bb3 O-O-O 10.Bf4 Qc5 11.Qd4 e6 12.Qxc5 Bxc5 13.Na4 Bd6 14.dxe6 Bxc2 15.O-O Bxb3
16.axb3 fxe6 17.Be3 Nc2 18.Bxa7 Nxa1 19.Rc1 b5  0-1

[Event "BL2-S9798"]
[Site "Germany"]
[Date "1998.??.??"]
[Round "?.7"]
[White "Roederer, Kai"]
[Black "Lentrodt, Thomas"]
[Result "1-0"]
[WhiteElo "2205"]
[BlackElo "2280"]

1.e4 d5 2.exd5 Qxd5 3.Nc3 Qd6 4.d4 c6 5.Bc4 Nf6 6.Nge2 Bf5 7.Bf4 Qb4 8.Bb3 e6
9.O-O Be7 10.Bc7 Bd8 11.Bxd8 Kxd8 12.Ng3 Qa5 13.d5 Kc7 14.Nxf5 exf5 15.Qf3 g6
16.Rad1 Nbd7 17.Qf4+ Kc8 18.dxc6 bxc6 19.Rd6 Qc7 20.Ba4 Nb8 21.Qd4 Rd8 22.Rd1 Rxd6
23.Qxd6 Qxd6 24.Rxd6 Ne8 25.Rxc6+ Nxc6 26.Bxc6 Rb8 27.Bxe8 Rxb2 28.Ba4 Rb7
29.Bb3 Re7 30.Kf1 Kb7 31.Nd5 Re6 32.h4 h6 33.g3 a5 34.a4 Kc6 35.Ne3 Re7 36.Nc4 Ra7
37.Ne5+ Kc5 38.Nxf7 h5 39.Ne5 Ra6 40.f4 Kd4 41.Ke2 Kc3 42.Ke3 Rd6 43.Bf7 Kxc2
44.Bxg6 Kb3 45.Bxf5 Kxa4 46.Bd7+ Kb4 47.f5 a4 48.Bxa4 Kxa4 49.Kf4 Kb5 50.Kg5 Rd5
51.Ng6 Rd3 52.f6 Rxg3+ 53.Kf5  1-0

[Event "Oberliga Nord W9798"]
[Site "Germany"]
[Date "1998.??.??"]
[Round "?.4"]
[White "Olzem, Lothar"]
[Black "Wichmann, Daniel"]
[Result "0-1"]
[WhiteElo "2225"]
[BlackElo "2125"]

1.e4 d5 2.exd5 Qxd5 3.Nc3 Qd6 4.Nf3 Nf6 5.d4 a6 6.h3 e6 7.Bd3 Nbd7 8.O-O Be7
9.Ne2 c5 10.c3 O-O 11.Bf4 Qb6 12.Rb1 Re8 13.Re1 Nd5 14.Bg3 Bd6 15.dxc5 Bxc5
16.Qa4 N7f6 17.Ne5 Rd8 18.Qh4 Ne7 19.b4 Bd6 20.Nd4 Qc7 21.c4 Ng6 22.Bxg6 hxg6
23.c5 Bxe5 24.Bxe5 Qd7 25.Bxf6 gxf6 26.Qxf6 Qxd4 27.Qf3 Bd7 28.Re4 Qg7 29.Rf4 Bc6
30.Qg3 Rd4 31.h4 Rad8 32.Qg5 R8d5 33.Qg4 Rxf4 34.Qxf4 Qd4 35.Qb8+ Rd8 36.Qg3 Qd3
37.Rb3 Qxg3 38.Rxg3 Rd4 39.h5 Rxb4 40.hxg6 f5 41.Rd3 Kg7 42.Rd6 Rg4 43.f3 Bxf3  0-1

[Event "Oberliga Nord W9798"]
[Site "Germany"]
[Date "1998.??.??"]
[Round "?"]
[White "Mende, Andreas"]
[Black "Hummel, Dirk"]
[Result "1/2-1/2"]
[WhiteElo "2225"]
[BlackElo "2255"]

1.e4 d5 2.exd5 Qxd5 3.Nc3 Qd6 4.d4 Nf6 5.Nf3 a6 6.Be3 Nc6 7.Qd2 Bf5 8.Bc4 e6
9.O-O Be7 10.Bf4 Qb4 11.Bd3 Bxd3 12.Qxd3 O-O-O 13.a3 Qb6 14.Rfd1 Nd5 15.Nxd5  1/2-1/2

[Event "HUN-chT9899"]
[Site "HUN"]
[Date "1998.??.??"]
[Round "?"]
[White "Medvegy, Nora"]
[Black "Borcsok, Laszlo"]
[Result "1/2-1/2"]
[WhiteElo "2325"]
[BlackElo "2185"]

1.e4 d5 2.exd5 Qxd5 3.Nc3 Qd6 4.d4 Nf6 5.Nf3 a6 6.Be3 Nc6 7.Qd2 Bg4 8.Ng5 e6
9.f3 Bh5 10.a3 Nd5 11.Nce4 Qd7 12.Bf2 h6 13.Nh3 f5 14.Nc3 g5 15.O-O-O O-O-O
16.Bc4  1/2-1/2

[Event "HUN-chT 9798"]
[Site "Hungary"]
[Date "1998.??.??"]
[Round "?"]
[White "Horvath, Adam"]
[Black "Mozes, Ervin"]
[Result "1-0"]
[WhiteElo "2275"]
[BlackElo "2370"]

1.e4 d5 2.exd5 Qxd5 3.Nc3 Qd6 4.d4 Nf6 5.Be2 a6 6.Bf3 Nc6 7.Nge2 Bf5 8.Bf4 Qd7
9.a3 e6 10.d5 exd5 11.Nxd5 Nxd5 12.Qxd5 Qxd5 13.Bxd5 O-O-O 14.O-O-O Bc5 15.Bxf7 Rhf8
16.Bc4 b5 17.Bd5 Nd4 18.Nxd4 Rxd5 19.Be3 Bxd4 20.Rxd4 Rxd4 21.Bxd4 Re8 22.Be3 Be4
23.Re1 Bd5 24.f3 Re6 25.Kd2 Kd7 26.Rd1 Rg6 27.Ke2 Kc6 28.Kf2 Rd6 29.Bf4 Rd7
30.Be5 Re7 31.f4 Be4 32.h3 Kb6 33.Re1 Rxe5 34.fxe5 Bxc2 35.e6 Bg6 36.e7  1-0

[Event "Klatovy op-A"]
[Site "Klatovy"]
[Date "1998.??.??"]
[Round "?"]
[White "Vaculik, Martin"]
[Black "Schindler, Gernot"]
[Result "1/2-1/2"]
[WhiteElo "2040"]
[BlackElo "1930"]

1.e4 d5 2.exd5 Qxd5 3.Nc3 Qd6 4.d4 c6 5.Nf3 Bg4 6.Be2 Nf6 7.O-O e6 8.b3 Be7
9.Bb2 O-O 10.h3 Bxf3 11.Bxf3 Na6 12.Ne4 Nxe4 13.Bxe4 Bf6 14.Qe2 Rfd8 15.Rfd1 Rac8
16.c4 Qe7 17.Rac1 Rd7 18.Bb1 Rcd8 19.Qe4 g6 20.Rc2 c5 21.Rcd2 cxd4 22.Bxd4 e5
23.Be3 Rxd2 24.Rxd2 Rxd2 25.Bxd2 Nc5 26.Qd5 Qc7 27.Kf1 Kg7 28.Ke2 Ne6  1/2-1/2

[Event "MK Cafe Cup-B"]
[Site "Koszalin"]
[Date "1998.??.??"]
[Round "5"]
[White "Jakubowski, Tomasz"]
[Black "Hasangatin, Ramil"]
[Result "0-1"]
[WhiteElo "2220"]
[BlackElo "2460"]

1.e4 d5 2.exd5 Qxd5 3.Nc3 Qd6 4.d4 Nf6 5.Bc4 a6 6.Nf3 Nc6 7.h3 b5 8.Bd3 e6
9.O-O Be7 10.Ne4 Qd8 11.c3 Bb7 12.Qc2 h6 13.Re1 O-O 14.Qe2 Na5 15.Nxf6+ Bxf6
16.Bc2 Re8 17.Qd3 Bxf3 18.b3 g6 19.Qxf3 Bg5 20.Ba3 Rb8 21.Be4 Qf6 22.Qxf6 Bxf6
23.Bc5 Nb7 24.Ba7 Ra8 25.Bc5 Nxc5 26.Bxa8 Rxa8 27.Red1 Ne4 28.Rac1 Rd8 29.Kf1 Rd5
30.c4 bxc4 31.Rxc4 c5 32.f3 Ng3+ 33.Kf2 Nf5  0-1

[Event "RUS-Cup"]
[Site "Krasnoiarsk"]
[Date "1998.??.??"]
[Round "2"]
[White "Dorofeev, Ivan"]
[Black "Zaitsev, Vadim"]
[Result "0-1"]
[WhiteElo "2325"]
[BlackElo "2425"]

1.e4 d5 2.exd5 Qxd5 3.Nc3 Qd6 4.d4 Nf6 5.Nf3 a6 6.Be2 Nc6 7.Be3 Bg4 8.Qd2 e6
9.O-O Be7 10.Rad1 Rd8 11.h3 Bf5 12.a3 O-O 13.Bf4 Qd7 14.Rfe1 Bg6 15.Qc1 Qc8
16.Be3 Rd7 17.Nb1 Rfd8 18.c3 Nd5 19.Bg5 f6 20.Bh4 Bd6 21.Nbd2 Bf4 22.Bc4 Rd6
23.Bg3 Bxg3 24.fxg3 Kh8 25.Bf1 Nb6 26.Kh2 Ne7 27.Nb3 Na4 28.Nbd2 b5 29.b3 Nb6
30.b4 Ned5 31.Nh4 Bf7 32.Ne4 Rc6 33.Nc5 Nd7 34.Bd3 Nxc5 35.bxc5 Bg8 36.Be4 a5
37.Nf3 Ra6  0-1

[Event "RUS-Cup"]
[Site "Krasnoiarsk"]
[Date "1998.??.??"]
[Round "7"]
[White "Ariskin, Alexey"]
[Black "Zaitsev, Vadim"]
[Result "1/2-1/2"]
[WhiteElo "2335"]
[BlackElo "2425"]

1.e4 d5 2.exd5 Qxd5 3.Nc3 Qd6 4.d4 Nf6 5.Nf3 a6 6.Be3 Nc6 7.Qd2 Bg4 8.Ng5 e6
9.f3 Bf5 10.Nge4 Qb4 11.Nxf6+ gxf6 12.O-O-O O-O-O 13.g4 Bg6 14.Qf2 f5 15.d5 f4
16.dxc6 Rxd1+ 17.Nxd1 fxe3 18.Qxe3 Bc5 19.Qb3 Rd8 20.cxb7+ Kxb7 21.Qxb4+ Bxb4
22.Nf2 Bd2+ 23.Kb1 Be3 24.Nd3 c5 25.Be2 Kc7 26.Rd1 Rd5 27.Ne1 Rxd1+ 28.Bxd1 Bg1
29.h3 Bf2 30.Ng2 e5 31.Be2 f5 32.Bxa6 h5 33.Bd3 fxg4 34.fxg4 Bf7 35.gxh5 Bxh5
36.Be4  1/2-1/2

[Event "RUS-Cup02"]
[Site "Moscow"]
[Date "1998.??.??"]
[Round "5"]
[White "Potkin, Vladimir"]
[Black "Zaitsev, Vadim"]
[Result "1/2-1/2"]
[WhiteElo "2295"]
[BlackElo "2425"]

1.e4 d5 2.exd5 Qxd5 3.Nc3 Qd6 4.d4 Nf6 5.Nf3 a6 6.Be2 Nc6 7.O-O Bg4 8.h3 Bh5
9.b4 Qxb4 10.Bd2 Qd6 11.Rb1 e6 12.Rxb7 Be7 13.g4 Bg6 14.Bxa6 O-O 15.Nb5 Qd8
16.Nxc7 Rb8 17.Qb1 Be4 18.Ng5 Bd6 19.Nb5 Nxd4 20.Nxd4 Bxb7 21.Bxb7 Qc7 22.Ndxe6 fxe6
23.Nxe6 Qf7 24.Nxf8 Rxb7 25.Qd1 Bxf8 26.Qf3 Rd7 27.Bc3 Qd5 28.Qxd5+ Rxd5
29.Bxf6 gxf6 30.a4 Rd2 31.a5 Rxc2 32.Ra1 Bc5 33.Kg2 Bxf2 34.Kf3 Kg7 35.a6 Ba7
36.Rb1 Kg6 37.Rb7 Bd4 38.Rb4 Bf2 39.Ra4 Ba7 40.Kf4 Rc3 41.h4 Bb8+ 42.Ke4 Rc7
43.Rb4 Re7+ 44.Kf3 Ba7 45.Rb7 Rxb7 46.axb7 h6 47.Kf4 Bb8+ 48.Ke4 Bh2 49.Kd5 Kf7
50.Ke4 Ke6 51.Kd4 Bb8 52.Ke3 Ke5 53.Kf3 Kd5 54.Ke3 Be5 55.Kf3 Bc7 56.Ke3 Ke6
57.Ke4 Be5 58.Ke3 h5 59.g5 f5 60.Kf3 Kd7 61.Ke3 Ke6 62.Kf3 Kd5 63.Ke3  1/2-1/2

[Event "RUS-ch sf"]
[Site "Novosibirsk"]
[Date "1998.??.??"]
[Round "?"]
[White "Frolov, Denis"]
[Black "Zaitsev, Vadim"]
[Result "1/2-1/2"]
[WhiteElo "2350"]
[BlackElo "2425"]

1.e4 d5 2.exd5 Qxd5 3.Nc3 Qd6 4.d4 Nf6 5.Nf3 a6 6.Be2 Nc6 7.a3 Bg4 8.d5 Ne5
9.O-O Bxf3 10.Bxf3 O-O-O 11.Bf4 Nxf3+ 12.Qxf3 e5 13.dxe6 Qxe6  1/2-1/2

[Event "Pardubice Czech op"]
[Site "Pardubice"]
[Date "1998.??.??"]
[Round "1"]
[White "Voloshin, Leonid"]
[Black "Sabol, Marian"]
[Result "1/2-1/2"]
[WhiteElo "2420"]
[BlackElo "2255"]

1.e4 d5 2.exd5 Qxd5 3.Nc3 Qd8 4.d4 Nf6 5.h3 c6 6.Nf3 Bf5 7.Bc4 e6 8.O-O Nbd7
9.Nh4 Nb6 10.Bb3 Bg6 11.Nxg6 hxg6 12.a4 a5 13.Re1 Bb4 14.Bg5 Nbd5 15.Qf3 Rh5
16.h4 Be7 17.g3 Nh7 18.Bxe7 Qxe7 19.Nxd5 cxd5 20.Re5 Nf6 21.Rxh5 gxh5 22.c3 Rc8
23.Bc2 Ng4 24.Qf4 Qc7 25.Qxc7 Rxc7 26.Bd3 Ke7 27.Ra3 Rc6 28.Rb3 b6 29.Kf1 e5
30.dxe5 Nxe5 31.Be2 d4 32.Rb5 Ke6 33.f4 Nd7 34.Bf3 Rc5 35.Rb3 Rc4 36.Rb5 Rc5
37.Rb3  1/2-1/2